Global commercial property survey (Record no. 119117)

MARC details
000 -LEADER
fixed length control field 01648cas a22002655 4500
001 - CONTROL NUMBER
control field L139721
008 - FIXED-LENGTH DATA ELEMENTS--GENERAL INFORMATION
fixed length control field 110121c2005 xxkfr ws ss 0 a0eng u
035 ## - SYSTEM CONTROL NUMBER
System control number (Sirsi) u139721
041 0# - LANGUAGE CODE
Language code of text/sound track or separate title eng
050 ## - LIBRARY OF CONGRESS CALL NUMBER
Classification number 333.33 $2 18
110 2# - MAIN ENTRY--CORPORATE NAME
Corporate name or jurisdiction name as entry element Royal Institution of Chartered Surveyors
Subordinate unit Economics
9 (RLIN) 5033
245 00 - TITLE STATEMENT
Title Global commercial property survey
Medium [electronic resource]
260 ## - PUBLICATION, DISTRIBUTION, ETC.
Place of publication, distribution, etc. London
Name of publisher, distributor, etc. RICS
Date of publication, distribution, etc. 2005-
362 0# - DATES OF PUBLICATION AND/OR SEQUENTIAL DESIGNATION
Dates of publication and/or sequential designation Issue 2 September 2005-
490 #0 - SERIES STATEMENT
Series statement RICS Global Commercial Property Survey
Volume/sequential designation 2005-
520 ## - SUMMARY, ETC.
Summary, etc. Examines commercial property occupancy and investment trends in cities around the world. Provides an overview of the occupier market and investment market for cities in the following regions: emerging Asia, developed Asia and Australasia, North America, emerging Europe, Western Europe, Latin America, and Africa and the Middle East. For each region graphs show investment demand for real estate, occupier demand for real estate, changes in real estate rents, and real estate investment yields.
520 ## - SUMMARY, ETC.
Summary, etc. Since Q3 2009 a separate agents'/additional comments' report has been published and since Q4 2009 a series of up to six separate regional surveys.
554 ## -
-- Four issues per year
650 24 - SUBJECT ADDED ENTRY--TOPICAL TERM
Topical term or geographic name entry element RICS GLOBAL COMMERCIAL PROPERTY SURVEY
651 #4 - SUBJECT ADDED ENTRY--GEOGRAPHIC NAME
Geographic name International
690 ## - LOCAL SUBJECT ADDED ENTRY--TOPICAL TERM (OCLC, RLIN)
Topical term or geographic name as entry element PROPERTY-COMMERCIAL PROPERTY-COMMERCIAL PROPERTY MARKET
856 40 - ELECTRONIC LOCATION AND ACCESS
Uniform Resource Identifier <a href="https://www.rics.org/globalpropertysurvey">https://www.rics.org/globalpropertysurvey</a>
Public note View the current issue free of charge at www.rics.org
856 40 - ELECTRONIC LOCATION AND ACCESS
Uniform Resource Identifier <a href="https://www.rics.org/site/scripts/downloads.aspx?categoryID=603">https://www.rics.org/site/scripts/downloads.aspx?categoryID=603</a>
Public note View the archive back to September 2005 free of charge at www.rics.org
942 ## - ADDED ENTRY ELEMENTS (KOHA)
Suppress in OPAC 0
Holdings
Withdrawn status Lost status Source of classification or shelving scheme Damaged status Not for loan Home library Current library Shelving location Date acquired Total Checkouts Full call number Barcode Date last seen Copy number Price effective from Koha item type
    Dewey Decimal Classification     Virtual Virtual Online 06/08/2007   ONLINE PUBLICATION 139721-2001 06/08/2019 1 06/08/2019 Book